Dead end: a book about suicide

Saved in:  
Bibliographic Details
Main Author: Langone, John 1929-2006 (Author)
Format: Print Book
Language:Undetermined language
Published: Boston [u.a.] Little, Brown and Co. 1986
In:Year: 1986
Edition:2. print.
Availability in Tübingen:Present in Tübingen.
UB: KB 18 A 3131
Check availability: HBZ Gateway
Subito Delivery Service: Order now.

MARC

LEADER 00000cam a2200000 c 4500
001 163083825X
003 DE-627
005 20251225203844.0
007 tu
008 880115s1986 xx ||||| 00| ||und c
010 |a  85025620  
020 |a 0316514322  |9 0-316-51432-2 
035 |a (DE-627)163083825X 
035 |a (DE-576)013571834 
035 |a (DE-599)BSZ013571834 
035 |a (OCoLC)12809988 
040 |a DE-627  |b ger  |c DE-627  |e rakwb 
082 0 |a 362.2 
100 1 |8 1\p  |a Langone, John  |d 1929-2006  |0 (DE-588)170550079  |0 (DE-627)060655070  |0 (DE-576)131425978  |4 aut 
109 |a Langone, John 1929-2006  |a Langone, John Michael 1929-2006 
245 1 0 |a Dead end  |b a book about suicide 
250 |a 2. print. 
264 1 |a Boston [u.a.]  |b Little, Brown and Co.  |c 1986 
300 |a VIII, 176 S. 
336 |a Text  |b txt  |2 rdacontent 
337 |a ohne Hilfsmittel zu benutzen  |b n  |2 rdamedia 
338 |a Band  |b nc  |2 rdacarrier 
583 1 |a Archivierung prüfen  |c 20200919  |f DE-640  |z 1  |2 pdager 
883 |8 1\p  |a cgwrk  |d 20241001  |q DE-101  |u https://d-nb.info/provenance/plan#cgwrk 
951 |a BO 
ELC |b 1 
LOK |0 000 xxxxxcx a22 zn 4500 
LOK |0 001 3280826802 
LOK |0 003 DE-627 
LOK |0 004 163083825X 
LOK |0 005 20010309000000 
LOK |0 008 880115||||||||||||||||ger||||||| 
LOK |0 040   |a DE-21  |c DE-627  |d DE-21 
LOK |0 852   |a DE-21 
LOK |0 852 1  |c KB 18 A 3131  |9 00 
LOK |0 935   |a krim 
LOK |0 939   |a 15-01-88  |b l01 
ORI |a SA-MARC-krimdoka001.raw 
SIG |a UB: KB 18 A 3131